Hodina pravdy Zvolené parlamenty stoja pred najdôležitejšou úlohou

Bibliographic Details
Main Author: Šimko, Ivan, 1955- (Author)
Format: Article
Language:Slovak
Subjects:

MARC

LEADER 00000nab a2200000 a 4500
001 vtls000406153
003 SK-MaSNL
005 20260311224745.0
008 160115c1991 xo 0 slo
015 |a SNBRB19rr/mm-uuuuu 
035 |a CL0406277 
040 |a SNKBUCL  |b slo  |c SNKBUCL  |e AACR2 
041 0 |a slo 
044 |a xo  |c SK 
080 |a 329.3:28(437.6):342.2  |2 1981 
080 |a 28(437.6)  |2 1981 
080 |a 342.2  |2 1981 
100 1 |a Šimko, Ivan,  |d 1955-  |4 aut  |9 248302 
245 1 0 |a Hodina pravdy  |b Zvolené parlamenty stoja pred najdôležitejšou úlohou  |c Ivan Šimko 
610 2 7 |a Kresťanskodemokratické hnutie (politická strana)  |2 snkbucl  |9 34649 
651 7 |a Československo  |2 snkbucl  |9 21376 
655 7 |a články z novín a časopisov  |2 snkbucl  |9 267496 
773 0 |t Slovenský denník  |g Roč. 2, č. 46 (23. 2. 1991), s. 4 
850 |a Slovenská národná knižnica v Martine  |a MTA001 
852 |a SNK  |b KIS3GCP 
958 |a RK 
992 |a RBX 
999 |c 3261849  |d 3263779